El humanismo de Max Scheler (Registro nro. 171575)
[ vista simple ]
| 000 -LEADER | |
|---|---|
| campo de control de longitud fija | 00805nam a2200229 i 4500 |
| 001 - NÚMERO DE CONTROL | |
| campo de control | 171575 |
| 003 - IDENTIFICADOR DE NÚMERO DE CONTROL | |
| campo de control | ES-MaACL |
| 005 - FECHA Y HORA DE LA ÚLTIMA TRANSACCIÓN | |
| campo de control | 20251012174839.0 |
| 008 - DATOS DE LONGITUD FIJA--INFORMACIÓN GENERAL | |
| campo de control de longitud fija | 090521s1978 sp |||| | spa d |
| 017 ## - NÚMERO DE COPYRIGHT O DE DEPÓSITO LEGAL | |
| Número de copyright o de depósito legal | M 41581-1978 |
| 020 ## - NÚMERO INTERNACIONAL ESTÁNDAR DEL LIBRO | |
| Número Internacional Estándar del Libro | 84-220-0892-0 |
| 100 0# - ENTRADA PRINCIPAL--NOMBRE DE PERSONA | |
| Nombre de persona | Pintor-Ramos, Antonio. |
| 9 (RLIN) | 92238 |
| 245 10 - MENCIÓN DEL TÍTULO | |
| Título | El humanismo de Max Scheler |
| Resto del título | : estudio de su antropología filosófica / |
| Mención de responsabilidad, etc. | por Antonio Pintor Ramos. |
| 260 ## - PUBLICACIÓN, DISTRIBUCIÓN, ETC. | |
| Lugar de publicación, distribución, etc. | Madrid : |
| Nombre del editor, distribuidor, etc. | La Editorial Católica, |
| Fecha de publicación, distribución, etc. | 1978. |
| 300 ## - DESCRIPCIÓN FÍSICA | |
| Extensión | XXVIII, 410 p., 1 h. ; |
| Dimensiones | 20 cm. |
| 490 1# - MENCIÓN DE SERIE | |
| Mención de serie | Biblioteca de autores cristianos ; |
| Designación de volumen o secuencia | 404 |
| 500 ## - NOTA GENERAL | |
| Nota general | Índice. |
| 600 17 - PUNTO DE ACCESO ADICIONAL DE MATERIA--NOMBRE DE PERSONA | |
| Nombre de persona | Scheler, Max, |
| Fechas asociadas al nombre | 1874-1928- |
| Subdivisión general | Crítica e interpretación |
| Fuente del encabezamiento o término | |
| 9 (RLIN) | 140257 |
| 830 00 - PUNTO DE ACCESO ADICIONAL DE SERIE-TÍTULO UNIFORME | |
| Título uniforme | Biblioteca de autores cristianos |
| Designación de volumen o secuencia | 404 |
| 9 (RLIN) | 178679 |
| 852 ## - LOCALIZACIÓN | |
| Ubicación | ES-MaACL |
| Número de control de estantería | J-395 |
| itemnumber | R.46092 |
| Estatus retirado | Estado de pérdida | Estado de daño | No para préstamo | Biblioteca de origen | Biblioteca actual | Ubicación en estantería | Fecha de adquisición | Fuente de adquisición | Total de préstamos | Signatura topográfica completa | Código de barras | Visto por última vez | Precio de reemplazo | Tipo de ítem Koha |
|---|---|---|---|---|---|---|---|---|---|---|---|---|---|---|
| Biblioteca del Ateneo de Madrid | Biblioteca del Ateneo de Madrid | Depósito 2 | 21/05/2009 | J-395 | 1180053 | 23/02/2023 | 23/02/2023 | Libro impreso |
